| 000 | 00615nam a2200169 i 4500 | ||
|---|---|---|---|
| 001 | 86518 | ||
| 003 | ES-MaACL | ||
| 007 | t| | ||
| 008 | 041213m19611969sp ||||1| spa d | ||
| 100 | 1 |
_aKlages, Friedrich. _968171 |
|
| 245 | 1 | 0 |
_aTratado de química orgánica / _cFriedrich Klages ; [versión española por Vicente Gómez Aranda]. |
| 260 |
_aBarcelona, etc. : _bReverté, _c[1961-69] |
||
| 300 |
_a4 v. : _bil. ; _c22 cm. |
||
| 500 | _aEs el tomo I, 1ª y 2ª parte. Es el tomo I, 1ª parte. Es el tomo III. Es el tomo II. | ||
| 700 | 1 |
_aGómez Aranda, Vicente. _957819 |
|
| 852 |
_aES-MaACL _jG-11532-5 _bR.48223 |
||
| 999 |
_c86518 _d86518 |
||